000 01174cam a2200217 a 4500
020 _a0066214718 (acidfree paper)
040 _cDLC
082 0 0 _a813 WIL 2004 A093 Or.
100 1 _aPeters, Elizabeth
245 1 0 _aGuardian of the horizon /
250 _a1st ed
260 _aNew York :
_bWilliam Morrow,
_cc2004
300 _axii, 399 p. ;
_c24 cm
520 _aOusted from their most recent archaeological dig and banned forever from the Valley of the Kings, the Emersons are spending a quiet summer at home in Kent, England, when a mysterious messenger arrives. Claiming to be the teenage brother of their dear friend, Tarek, Prince of the mysterious Lost Oasis, the charismatic herald brings troubling news of a strange malady that has struck down Tarek's heir and conveys his brother's urgent need for help only th Emersons can provide. The family sets off in secret for the land time forgot to a mountain fortress from which they narrowly escaped ten years before
650 0 _aPeabody, Amelia (Fictitious character)
650 0 _aExcavations (Archaeology)
650 0 _aWomen archaeologists
650 0 _aBritish
650 0 _aEgyptologists
942 _cEK
999 _c12691
_d12691